| 000 | 00381 a2200169 4500 | ||
|---|---|---|---|
| 001 | 156686 | ||
| 020 | _a8508039603 | ||
| 040 | _cEscola São Tomás de Aquino | ||
| 100 | _aMARQUES, Amadeu | ||
| 240 | 1 | 0 |
_aThe Inspector's Holidays _leng |
| 245 | 1 | 0 | _aThe Inspector's Holidays |
| 300 | _a16 | ||
| 362 | 0 | _a1992 | |
| 440 | 1 | _aÁtica | |
| 697 | _aLíngua inglesa | ||
| 942 | _cBK | ||
| 999 |
_c156686 _d156686 |
||